000 00844nam a2200253Ia 4500
003 OSt
005 20220930062519.0
006 a|||||r|||| 00| 0
007 ta
008 220926b |||||||| |||| 00| 0 eng d
024 _a1217
037 _cTheses
040 _aCRL
_cCRL
_beng
041 _2eng
_aeng
100 _aNayyar Vijay Laxmi
_9521365
110 _aUniversity of Delhi. Faculty of Science. Department of Botany
245 0 _aUltrastructural and compositional changes in the cotyledons of pigeon pea (Cajanus Cajan) during seed development and germination
260 _c1977
650 _aBOTANY
700 _a Prof H Y Mohan Ram Supervisor
700 _aUniversity of Delhi. Faculty of Science. Department of Botany
942 _cDIS
_2CC
999 _c855630
_d855630